Embarrassing Chapters in US History, Part 4 - Statistics

General Stats
  • This quiz has been taken 1,304 times
  • The average score is 13 of 22
Answer Stats
Hint Answer % Correct
Apparently not having learned their lesson, decades of banking deregulation leads to a similar crash in 2008, the last year of this man's presidency. George W Bush
92%
In 1865 this man assassinates President Abraham Lincoln. John Wilkes Booth
87%
Some say the launch of this satellite in 1957 signaled that Americans had lost the space race. Sputnik
86%
And in 1963, this man assassinates President Kennedy; though 50 years later some people still aren't convinced. Lee Harvey Oswald
82%
In 1814 following the Battle of Bladensburg, this city is captured and burned by the British. Washington, DC
75%
Reckless Wall Street investment and speculating practices result in a massive stock market crash and worldwide economic depression in 1929 during the presidency of this businessman. Herbert Hoover
73%
Stella Liebeck successfully sues this company for $3 million after burning herself with hot coffee in 1994. McDonald's
73%
On September 11th, 2001, this terrorist organization successfully murders 2,977 civilians. 15 years later, some people still aren't convinced. Al Qaeda
71%
In response to French opposition to the invasion of Iraq in 2003, Congress elects to rename french fries served in its cafeterias to this. Freedom Fries
70%
Followers of messiah David Koresh burn to death on a compound in this Texas locale in 1993. Waco
68%
The Obama administration fails to defend itself or address the above fallacy, for fear of angering this embarrassingly influential gun manufacturers' lobby group. NRA
66%
4 unarmed students are killed and 9 wounded when the National Guard fires on a crowd of protesters at this Ohio university in 1970. Kent State
59%
The US Army under General Custer is routed by indigenous tribes at this battle in 1876. Little Bighorn
58%
This low-budget and mind-numbingly retarded horror film becomes immensely popular and kicks off the faux "found footage" craze in 1999. The Blair Witch Project
58%
In a completely masturbatory gesture, and as one of its first official acts, the 112th Congress in 2011 takes up time for an out-loud reading of this document. References to Slavery and Prohibition are edited out of the version read. Constitution
56%
After years of lowering the bar to make way for shows featuring Jerry Springer, Paris Hilton, Anna Nicole Smith, and Kim Kardashian, this overweight child beauty pageant contestant becomes the star of her own "Reality TV" show in 2012. Honey Boo Boo
56%
And finally, because there's simply no words for this I'm pasting the whole thing, the Republican party of this state includes as part of its 2012 platform the following statement: "We oppose the teaching of Higher Order Thinking Skills, critical thinking skills and similar programs ... which focus on behavior modification and have the purpose of challenging the student’s fixed beliefs and undermining parental authority." Texas
44%
In 1992 President George HW Bush vomits on the prime minister of this country. Japan
40%
Flabbergastingly, the above show originally airs on this network. The Learning Channel
39%
This scandal, which shares a name with a popular and incredibly stupid film franchise, convinced most of the country that the ATF was intentionally letting guns get in to the hands of Mexican drug cartels. Fast and Furious
29%
In 2005 this state's board of education votes to give equal time to the "theories" of "Intelligent Design" and Evolution. Fortunately they overturn this decision by 2007. But still... Kansas
20%
Having surpassed China and Russia sometime in the early 21st century, the USA becomes the #1 country in the world in terms of the rate of this. Incarceration
17%
No matching quizzes found
Score Distribution
Percent of People with Each Score
Percentile by Number Answered
Your Score History
You have not taken this quiz